000 00842nam a2200205 4500
001 179205
003 ES-MaACL
005 20250828082419.0
008 111005s2009 sp aco |||| | spa d
080 _a373.5(460.183 P.)(091)(060.64)
245 0 0 _aCien años, cien fotos :
_bexposición fotográfica /
_c[texto], María José Santo Tomás.
260 _aPalencia :
_bI.E.S. Jorge Manrique,
_c[2009]
300 _a135 p. :
_bprincipalmente fot., retr. ;
_c32 cm.
610 2 4 _aInstituto de Educación Secundaria Jorge Manrique (Palencia)-
_vExposiciones.
_9148131
700 1 _aSanto Tomás Martínez, María José.
_9148132
710 2 _aInstituto de Educación Secundaria Jorge Manrique (Palencia)
_9148133
852 _aES-MaACL
_jA-11589
_9186081
_bR.145778
_cDEPO1
_dOlim: N-4594
942 _2udc
_cMONOGRAFIA
999 _c179205
_d179205